Tilastot visalle Yhdistetyt valtiot #1

Klikkaa tästä pelataksesi tätä visaa!

Yleistilastot

  • Tätä visaa on pelattu 800 kertaa
  • Keskiarvotulos 13 / 20

Vastaukset kartalla

Vastauksille on annettu kartalla punavihreä väri sen mukaan, kuinka moni on saanut sen oikein.
 

Vastaustilastot

Valtio% Oikein
Venäjä
82%
Pakistan
79%
Afganistan
77%
Mongolia
75%
Tšekki
75%
Argentiina
74%
Paraguay
74%
Slovakia
73%
Mali
69%
Somalia
69%
Mauritania
67%
Kenia
66%
Vietnam
63%
Kambodža
62%
Suriname
61%
Guyana
60%
Kongon tasavalta
59%
Gabon
51%
Slovenia
44%
Kroatia
43%

Tulosjakauma

Persentiili vastausten määrän mukaan

Jokaisen tuloksen saaneiden osuus

Tuloshistoriasi

Et ole pelannut tätä visaa